Les Films des Studios Illumination - Statistiques

Statistiques générales
  • Ce quiz a été pris 604 fois
    118 depuis la dernière actualisation
  • Le résultat moyen est 9 sur 15
Statistiques - réponses
Année de Sortie Film % Correct
2010 Moi, Moche et Méchant
99%
2013 Moi, Moche et Méchant 2
94%
2017 Moi, Moche et Méchant 3
93%
2015 Les Minions
92%
2022 Les Minions 2
86%
2024 Moi, Moche et Méchant 4
84%
2017 Tous en Scène
57%
2016 Comme des Bêtes
53%
2021 Tous en Scène 2
52%
2019 Comme des Bêtes 2
51%
2023 Migration
34%
2012 Le Lorax
31%
2023 Super Mario Bros, le film
31%
2011 Hop
26%
2018 Le Grinch
26%
Aucun quiz correspondant
Distribution des résultats
% des personnes avec chaque résultat
Percentile par nombre de réponses
Votre historique - résultats
Vous n’avez pas pris ce quiz depuis la dernière actualisation